| 000 | 00348nam a22001217a 4500 | ||
|---|---|---|---|
| 082 | _a200 THE | ||
| 100 |
_aNAYAB ASIF _970195 |
||
| 245 | _aTH-SOF-1105-Removal of ECG Artifact from EEG | ||
| 260 |
_aIslamabad _bNUST College of EME _c2015 |
||
| 650 | _a MS-ELECT-75 MSTHESIS | ||
| 700 |
_aSupervison DR. SYED M. TAHIR ZAIDI _970196 |
||
| 942 | _cCF | ||
| 999 |
_c577212 _d577212 |
||